000 00712nam a22002177a 4500
003 0
005 20160609165300.0
008 100118t xxu||||| |||| 00| 0 eng d
037 _aM15469
_bBIBLIO
040 _aUAC
_bF
_cEPAC
082 _a27.ABM/ADE
100 _aAdemikpo , Romuald
_92862
245 _aUtilisation comparée de la galerie réduite de Leminor et de la galerie Api 20 E pour l'identification des entérobactéries
260 _aEPAC-UAC
_bEPAC-UAC
_c2007-2008
300 _a1-30p
_c29cm
500 _aMem Ecole Polytechnique d'Abomey Calavi 2008
650 _aENTEROBACTERIE GALERIE
_92863
650 _aLEMINOR GALERIE API20E
_92863
700 _aSenouwa , D. Luc
_911542
942 _cTHE
999 _c46738
_d46738